000 00607nam a2200193Ia 4500
003 OSt
005 20240422113047.0
008 210210b1972 xxu||||| |||| 00| 0 eng d
040 _cAL
041 _aHindi
082 _aH891.9 GAUA
100 _aGAUTAM (Prem Prakash).
_dप्रेम प्रकाश गौतम
_9161886
245 _aAdunik-kavita ki pravattiyan.
_b आधुनिक कविता की प्रवृत्तियाँ
260 _aAgara
_bSarasvati Pustak Sadan
_c1972
300 _a204
690 _aHindi Criticism
_9161887
906 _aSG00822
942 _2ddc
_cBK
999 _c112423
_d112423